Dealing with statistics : (Record no. 50836)

MARC details
000 -LEADER
fixed length control field 01060nam a22002777a 4500
005 - DATE AND TIME OF LATEST TRANSACTION
control field 2011030100390.0
008 - FIXED-LENGTH DATA ELEMENTS--GENERAL INFORMATION
fixed length control field 110301t xxu||||| |||| 00| 0 eng d
010 ## - LCCN (DPL NO)
LC control number ENG-102063
020 ## - INTERNATIONAL STANDARD BOOK NUMBER
International Standard Book Number 9780071074292
Terms of availability 295.00
020 ## - INTERNATIONAL STANDARD BOOK NUMBER
International Standard Book Number 0071074295
Terms of availability 295.00
035 ## - SYSTEM CONTROL NUMBER
System control number EN-85596
037 ## - SOURCE OF ACQUISITION
Source of stock number/acquisition DBAD/PUB
040 ## - CATALOGING SOURCE
Original cataloging agency dpl
Language of cataloging Eng
082 00 - DEWEY DECIMAL CLASSIFICATION NUMBER
Classification number 519.5
100 1# - MAIN ENTRY--PERSONAL NAME
Personal name Brown, Reva Berman
9 (RLIN) 26318
Dates associated with a name 1939-
245 10 - TITLE STATEMENT
Title Dealing with statistics :
Statement of responsibility, etc by Reva Berman Brown [and] Mark Saunders
Remainder of title what you need to know /
260 ## - PUBLICATION, DISTRIBUTION, ETC. (IMPRINT)
Place of publication, distribution, etc New Delhi
Name of publisher, distributor, etc Tata McGraw-Hill
Date of publication, distribution, etc c2010
270 ## - ADDRESS
Address 7 West Patel Nagar
City New Delhi
Postal code 110008
300 ## - PHYSICAL DESCRIPTION
Extent xi, 133 p. :
Other physical details ill.
Dimensions 21 cm (pbk)
500 ## - GENERAL NOTE
General note Includes index.
650 #0 - SUBJECT ADDED ENTRY--TOPICAL TERM
Topical term or geographic name as entry element Statistics.
9 (RLIN) 26319
700 ## - ADDED ENTRY--PERSONAL NAME
Personal name Saunders, Mark
Dates associated with a name 1959-
9 (RLIN) 26324
942 ## - ADDED ENTRY ELEMENTS (KOHA)
Source of classification or shelving scheme Dewey Decimal Classification
Item type English Books
Classification part 519.5
Call number suffix BRO
Holdings
Withdrawn status Lost status Source of classification or shelving scheme Damaged status Not for loan Collection code Home library Current library Date acquired Source of acquisition Cost, normal purchase price Total Checkouts Full call number Barcode Date last seen Copy number Cost, replacement price Koha item type
    Dewey Decimal Classification   Not For Loan Non-fiction D.B.Act.Division D.B.Act.Division 01/03/2011 DBAD/PUB 295.00   519.5 BRO EN-85596 01/03/2011 1 295.00 English Books

© Delhi Public Library
Hit Counter
free hit counter